Регионална библиотека "Любен Каравелов" - Русе

Градината на Туфи (Запис номер 148753)

MARC детайли
000 -Лидер
Контролно поле с фиксирана дължина 01539nam a2200373 a 4500
003 - Код на организацията, давaща контролен номер
Контролно поле BLK
005 - Дата и час на последна редакция
Контролно поле 20250116152607.0
008 - Елементи от данни с фиксирана дължина
fixed length control field 180410b bul|||||r ||||||| ||bul||
010 ## - Наследен системен номер
LC control number KNG00154978000
020 ## - Международен стандартен номер на книга ISBN
Международен стандартен номер на книга ISBN 954-8038-24-2
040 ## - Източник на каталожния запис
Идентификатор на билиотеката - собственик на записа BLK
041 ## - Код за език
Код за езика на текст/звукозапис или на отделно заглавие Български
Код за езика КДБФ Български
080 ## - УДК
Текстов определител УДК Френска литература
УДК код - определител по УДК 821.133.1
УДК определител -93-34
УДК - код + определител 821.133.1-93-34
100 1# - Редна дума - Автор
Автор Юри, Женевиев
Авторска отговорност първи автор
R(LIN) 243310
139 ## - Редно поле
Редна дума Юри, Женевиев
Авторски знак Юри - Ю 29
245 10 - Сведения за заглавието
Заглавие Градината на Туфи
Подзаглавни данни Приказка
Редно поле (дума) Женевиев Юри; ил. Лоик Жуаниго; прев. от фр. Светла Костова Христова.
257 ## - Страна на издаване
Страна на създаване/издаване Франция
260 ## - Област на издателските данни
Име на издателя, разпространителя и проч. Пан
Място на издаване, разпространение и проч. София
Година на издаване 1993
Печатница София : Балканпрес
300 ## - Физическа характеристика
Страници 24 с.
Илюстрации и др. с цв. ил.
Размери/Мащаб 24 см
380 ## - Жанр
Жанр Детска худож. лит.
490 ## - СЕРИИ (Колекции)
Име на серия Заешка фамилия
№: серия Кн. 2
9 (RLIN) 207077
500 ## - Общи забележки
Забележка Ориг. загл. Le jardin de Dentdelion Passiflore. - Офс. изд. - 20 000 тир.
653 ## - Ключова дума – ненормативна
Ключова дума детска литература
653 ## - Ключова дума – ненормативна
Ключова дума приказки
700 1# - Други автори (авторска отговорност)
Лично име Жуаниго, Лоик
Автороска отговорност (Описва отношението между автора и произведението) ил.
9 (RLIN) 68627
700 1# - Други автори (авторска отговорност)
Лично име Христова, Светла Костова
Автороска отговорност (Описва отношението между автора и произведението) прев. от фр.
9 (RLIN) 376774
852 ## - Местоположение
Форматна сигнатура Цб 265903
856 4# - Електронен адрес и достъп
Електронен формат pdf - файл
Инструкция (цена за достъп) 0.00
Права за достъп disable
856 4# - Електронен адрес и достъп
Електронен формат pdf - файл
Инструкция (цена за достъп) 0.00
Права за достъп disable
999 ## - СИСТЕМНИ КОНТРОЛНИ НОМЕРА
Koha biblionumber 148753
Koha biblioitemnumber 148753
942 ## - АРТИКУЛИ
Вид на библиотечния материал Книги
Скрит в OPAC Не
Koha issues (borrowed), all copies 7
Периодичен библиозапис Да
944 ## - СЪЗДАВАНЕ И РЕДАКЦИЯ на ЗАПИСА
Създаване/Редакция Създаване
Дата на регистрацията/редакция 27.12.2013
Статус, дата на статуса Грета Цуфелде
Служител, извършил регистрацията/редакцията 30537
944 ## - СЪЗДАВАНЕ И РЕДАКЦИЯ на ЗАПИСА
Създаване/Редакция Редакция
Дата на регистрацията/редакция 06.06.2017
Статус, дата на статуса 27.12.2013 - от С1,Р / 27.12.2013
Служител, извършил регистрацията/редакцията Виолета_Тройчева
999 ## - СИСТЕМНИ КОНТРОЛНИ НОМЕРА
Koha biblioitemnumber 148753
Наличности
Код за отписване Код за изгубен артикул Източник на класификационната схема Код за повреда Коз за рестрикции Код за отдаване Артикулен № Име на библиотеката - собственик Име на библиотеката, в която се намира в момента Статус (Текущо местоположение) Дата на вписване в системата Местоположение - отдел Цена в лева Инвентарен номер Систематично азбучна сигнатура Баркод Номер на екземпляра Цена в евро Служебна бележка Служебен тип на артикула
  Не е изгубен Universal Decimal Classification Не е повреден без рестрикции ползва се в читалня 247818 Регионална библиотека "Любен Каравелов" Русе Регионална библиотека "Любен Каравелов" Русе Хранилище 1993-01-01 Хранилище 0.45 582075 Цб 265903 120000582075 1 0.23 N: стар фонд Дата: 01.01.1993 Книги
  Не е изгубен Universal Decimal Classification Не е повреден без рестрикции заемане за дома 247819 Регионална библиотека "Любен Каравелов" Русе Регионална библиотека "Любен Каравелов" Русе Детски отдел 2017-06-02 Детски отдел 1.90 120000811987 Д 120000811987 2 0.97 Дост: DA Вид: А N: 22 Дата: 02.06.2017 Книги
Vip Innovations Ltd, Rousse, Bulgaria 2025